guess the creepypasta charecter (easy) - Statistics

General Stats
  • This quiz has been taken 115 times
  • The average score is 14 of 17
Answer Stats
Hint Answer % Correct
go to sleep jeff the killer
98%
likes kidneys ej / eyeless jack
96%
killed by her uncle sally
96%
faceless slenderman
96%
drowned ben the drowned
93%
pop goes the weasel!' lj / laughing jack
90%
onther version of sonic sonic exe
89%
one who wears a mask masky
88%
2 axe ticci toby
88%
Don't go to sleep, you won't wake up. jane the killer
85%
killed by his brother homicidal liu
80%
times up clockwork
79%
kills using gun or a baseball bat hoodie
78%
shares creepy images smile dog
74%
zalgo's daughter lazari
65%
likes stuffed toys jason the toymaker
55%
mickey mouse suicide mouse
55%
No matching quizzes found
Score Distribution
Percent of People with Each Score
Percentile by Number Answered
Your Score History
You have not taken this quiz